Géométrie descriptive de Monge, ou les arts graphiques ramenés aux préceptes de ce grand maître

Gespeichert in:
Bibliographische Detailangaben
1. Verfasser: DU BOIS, F. Son élève de Bruxelles. Admis à l'école impériale polytechnique en 1806, ancien ingénieur maritime, militaire, civil et des mines, examinateur permanent pensionné de l'école militaire de Belgique
Weitere Verfasser: MONGE [inspiré]
Format: keine Angabe
Sprache:Französisch
Erschienen: Bruxelles Librairie de C. Muquardt/établissement géographique/Imprimerie d'Emm. Devroye, imp. du roi 1854
Katalog:MANES:  Suchergebnis im Bibliothekskatalog
Schulbuchspezifische Eigenschaften:
Schlagworte:
Tags: Tag hinzufügen
Keine Tags, Fügen Sie den ersten Tag hinzu!
Hinzugefügt zu:26.04.2016

MARC

LEADER 000000000a22000000004500
001 24664
008 160427s be ||||| |||| 00| 0 fre d
040 |a manes  |c manes 
041 |a Francés 
100 1 |a DU BOIS, F.  |b Son élève de Bruxelles. Admis à l'école impériale polytechnique en 1806, ancien ingénieur maritime, militaire, civil et des mines, examinateur permanent pensionné de l'école militaire de Belgique 
245 0 0 |a Géométrie descriptive de Monge, ou les arts graphiques ramenés aux préceptes de ce grand maître 
260 3 |a Bruxelles  |b Librairie de C. Muquardt/établissement géographique/Imprimerie d'Emm. Devroye, imp. du roi  |c 1854 
300 |a 116 p. 
546 |a Bélgica 
650 7 |a Matemáticas 
655 7 |a Secundaria 
700 1 |a MONGE [inspiré] 
942 |2 ddc  |c BK 
999 |c 46992  |d 46992 
999 |c manes:46992  |d 46992